Štruktúra nákladov kvality a citlivosť podnikov na výkyvy ekonomiky
Vplyv nákladov kvality a ich štruktúra na operačný zisk (EBIT) v prípade zmien v ekonomike a jej výkyvoch. Triedenie nákladov z hľadiska ich fixnosti a variabilnosti. Prístup znižovania nákladov (costs emphasis) a zvyšovania tržieb (revenue emphasis). Zabezpečovanie kvality produktov alebo aspoň udr...
Enregistré dans:
| Auteur principal: | |
|---|---|
| Autres auteurs: | |
| Format: | Chapitre de livre |
| Langue: | slovaque |
| Sujets: | |
| Tags: |
Pas de tags, Soyez le premier à ajouter un tag!
|
MARC
| LEADER | 00000naa a2200000 4500 | ||
|---|---|---|---|
| 001 | 0150784 | ||
| 005 | 20240502083345.0 | ||
| 041 | 0 | |a slo | |
| 044 | |a CZ | ||
| 245 | 1 | 0 | |a Štruktúra nákladov kvality a citlivosť podnikov na výkyvy ekonomiky |c Martin Mizla, Patrycja Pudło |
| 520 | |a Vplyv nákladov kvality a ich štruktúra na operačný zisk (EBIT) v prípade zmien v ekonomike a jej výkyvoch. Triedenie nákladov z hľadiska ich fixnosti a variabilnosti. Prístup znižovania nákladov (costs emphasis) a zvyšovania tržieb (revenue emphasis). Zabezpečovanie kvality produktov alebo aspoň udržiavanie pozitívnej reputácie podniku. | ||
| 610 | 2 | 0 | |a manažment |
| 610 | 2 | 0 | |a riadenie kvality |
| 610 | 2 | 0 | |a metódy riadenia |
| 610 | 2 | 0 | |a systém riadenia kvality |
| 610 | 2 | 0 | |a náklady |
| 610 | 2 | 0 | |a tržby |
| 610 | 2 | 0 | |a kvalita |
| 610 | 2 | 0 | |a TQM |
| 100 | 1 | |a Mizla, Martin, 1955- | |
| 700 | 1 | |a Pudło, Patrycja | |